Southville International School and Colleges
Your cart is empty.
  • Cart
  • Lists
    Public lists Eva Luna New books Lux_list list_1
    Your lists Log in to create your own lists
  • Log in to your account
  • Your cookies
  • Search history
Southville International School and Colleges
  • Advanced search
  • Recent comments
  • Most popular
  • Libraries

Log in to your account

Log in with GOOGLE


If you do not have an external account, but do have a local account, you can still log in:

  1. Home
  2. MARC view: Baby elephant /
Normal view MARC view ISBD view

Baby elephant / (Record no. 105189)

[ view plain ]
MARC details
000 -LEADER
fixed length control field 00447nam a2200169 a 4500
005 - DATE AND TIME OF LATEST TRANSACTION
control field 20140412111344.0
008 - FIXED-LENGTH DATA ELEMENTS--GENERAL INFORMATION
fixed length control field 041005s19uu xx 00 eng d
020 ## - INTERNATIONAL STANDARD BOOK NUMBER
International Standard Book Number 0-86461-323-7
050 ## - LIBRARY OF CONGRESS CALL NUMBER
Classification number TR(PS E
Item number Ba11 2000
100 ## - MAIN ENTRY--PERSONAL NAME
Personal name Hellard, Elephant
245 ## - TITLE STATEMENT
Title Baby elephant /
Statement of responsibility, etc Susan Hellard.
260 ## - PUBLICATION, DISTRIBUTION, ETC. (IMPRINT)
Place of publication, distribution, etc Australia :
Name of publisher, distributor, etc Koala books,
Date of publication, distribution, etc 2000.
300 ## - PHYSICAL DESCRIPTION
Extent unp.
650 ## - SUBJECT ADDED ENTRY--TOPICAL TERM
Topical term or geographic name as entry element Elephants - Fiction
650 ## - SUBJECT ADDED ENTRY--TOPICAL TERM
Topical term or geographic name as entry element Children stories
Holdings
Withdrawn status Lost status Damaged status Home library Current library Shelving location Date acquired Source of acquisition Total Checkouts Full call number Barcode Date last seen Price effective from Koha item type
      Elizalde Library Elizalde Library Teachers Reference Section 10/05/2004     TR(PS E Ba11 2000 E9547 04/12/2014 04/12/2014 Books

Baby elephant /

APA

Hellard E., . (2000). Baby elephant. Australia: Koala books.

Chicago

Hellard Elephant, . 2000. Baby elephant. Australia: Koala books.

Harvard

Hellard E., . (2000). Baby elephant. Australia: Koala books.

MLA

Hellard Elephant, . Baby elephant. Australia: Koala books. 2000.

  • Place hold
  • Print
  • Cite
  • Add to your cart (remove)
  • Save record
    BIBTEX Dublin Core MARCXML MARC (non-Unicode/MARC-8) MARC (Unicode/UTF-8) MARC (Unicode/UTF-8, Standard) MODS (XML) RIS
  • More searches
    Search for this title in:
    Other Libraries (WorldCat) Other Databases (Google Scholar) Online Stores (Bookfinder.com) Open Library (openlibrary.org)

Exporting to Dublin Core...

SOUTHVILLE LIBRARY

Southville International School and Colleges Library

1281 Tropical Ave. Cor. Luxembourg St., BF Homes International, Las Pinas City

Tel. No. 8256374 / 252358 Loc. 117/146

Powered by Koha